[Event "V Torneo del Litorale A"]
[Site "Roma ITA"]
[Date "1997.02.??"]
[Round "?"]
[White "Verrascina, Roberto"]
[Black "Pezzaldi, Roberto"]
[Result "1-0"]
[WhiteElo "2225"]
[BlackElo "2105"]
[PlyCount "85"]
[EventDate "1997.02.07"]

1. e4 e6 2. d3 d5 3. Nd2 c5 4. Ngf3 Nc6 5. g3 Bd6 6. Bg2 Nf6 7. O-O O-O 8. Qe2
Bc7 9. Re1 b5 10. c3 Bb7 11. e5 Nd7 12. d4 c4 13. Nf1 Qe7 14. h4 Rae8 15. Bh3
Nd8 16. Bg5 f6 17. exf6 Nxf6 18. Ne5 Bd6 19. h5 Qc7 20. h6 Bxe5 21. Qxe5 Qxe5
22. Rxe5 Bc8 23. a4 Nc6 24. hxg7 Kxg7 25. Re3 b4 26. Nd2 Rf7 27. Rae1 bxc3 28.
bxc3 h6 29. Bf4 Nd8 30. Rb1 Rb7 31. Rxb7+ Bxb7 32. Bc7 Bc6 33. a5 Nf7 34. Rxe6
Rxe6 35. Bxe6 Ng5 36. Bc8 Nge4 37. Nb1 Bb5 38. f3 Ng5 39. Kf2 Bd7 40. Bb7 Nf7
41. a6 Bf5 42. Nd2 Be6 43. Bb8 1-0

[Event "V Torneo del Litorale A"]
[Site "Roma ITA"]
[Date "1997.02.??"]
[Round "?"]
[White "Verrascina, Roberto"]
[Black "Scagliarini, Bruno"]
[Result "1-0"]
[WhiteElo "2225"]
[BlackElo "1728"]
[PlyCount "83"]
[EventDate "1997.02.07"]

1. e4 e6 2. d3 d5 3. Nd2 c5 4. Ngf3 Nc6 5. g3 Nf6 6. Bg2 Be7 7. O-O O-O 8. e5
Nd7 9. Re1 Qc7 10. Qe2 b5 11. Nf1 a5 12. h4 Ba6 13. N1h2 Rfc8 14. Bf4 a4 15.
Ng5 Nd4 16. Qd1 b4 17. c3 bxc3 18. bxc3 Nc6 19. Bxd5 Bxg5 20. hxg5 exd5 21. e6
Nde5 22. Ng4 d4 23. cxd4 cxd4 24. Rc1 Qd8 25. Bxe5 Bb7 26. exf7+ Kxf7 27. Rb1
Qd7 28. Rb6 Kg8 29. Qb1 Ra7 30. Qb5 Ba8 31. f3 Ra5 32. Qc4+ Kh8 33. Rc1 Bb7 34.
Rxb7 Qxb7 35. Qe6 Ra6 36. Nh6 Raa8 37. Nf7+ Qxf7 38. Qxf7 Nxe5 39. Rxc8+ Rxc8
40. Qe6 Rc1+ 41. Kg2 Rc2+ 42. Kh3 1-0

[Event "V Torneo del Litorale A"]
[Site "Roma ITA"]
[Date "1997.02.??"]
[Round "?"]
[White "Verrascina, Roberto"]
[Black "Scagliarini, Valentina"]
[Result "1-0"]
[WhiteElo "2225"]
[BlackElo "1771"]
[PlyCount "57"]
[EventDate "1997.02.07"]

1. d4 d5 2. Bg5 Nf6 3. Bxf6 gxf6 4. c4 Nc6 5. Nc3 dxc4 6. e3 Bd7 7. Bxc4 e6 8.
Qh5 Qe7 9. Nge2 O-O-O 10. O-O Bg7 11. a4 Rdg8 12. a5 a6 13. b4 Qxb4 14. Ra4 Qe7
15. Rb1 Bf8 16. Qf3 Rg5 17. Nf4 Rhg8 18. g3 Bh6 19. Ra2 Rxa5 20. Rxa5 Nxa5 21.
Bxa6 Bc6 22. d5 bxa6 23. dxc6 Qc5 24. Nfd5 Nxc6 25. Nxf6 Rg5 26. Qd1 Qd6 27.
Qb3 Rf5 28. Qb7+ Kd8 29. Nce4 1-0

[Event "V Torneo del Litorale A"]
[Site "Roma ITA"]
[Date "1997.02.??"]
[Round "?"]
[White "Wyss, Walter"]
[Black "Proietti, Giorgio"]
[Result "0-1"]
[WhiteElo "2210"]
[BlackElo "1717"]
[PlyCount "102"]
[EventDate "1997.02.07"]

1. d4 d5 2. f4 Nf6 3. Nf3 e6 4. e3 Nbd7 5. Bd3 Ne4 6. Bxe4 dxe4 7. Ne5 Nxe5 8.
fxe5 Qh4+ 9. g3 Qh3 10. Qe2 Bd7 11. Rf1 Be7 12. Bd2 f5 13. exf6 gxf6 14. c4 f5
15. Bc3 Rg8 16. Nd2 h5 17. O-O-O O-O-O 18. Nb1 h4 19. Be1 hxg3 20. Bxg3 Be8 21.
c5 Bh5 22. Qc4 f4 23. Bxf4 Bxd1 24. Rxd1 Bg5 25. c6 Bxf4 26. exf4 Qe3+ 27. Rd2
Rd6 28. cxb7+ Kxb7 29. Qb3+ Qxb3 30. axb3 Rg4 31. Nc3 Rxf4 32. Kc2 e3 33. Re2
Rf2 34. Kd3 Rxe2 35. Nxe2 e5 36. Kxe3 exd4+ 37. Nxd4 Rh6 38. Nf3 Kb6 39. h4 Kc5
40. Kf4 Rf6+ 41. Kg4 Kb4 42. Nd2 Rf2 43. Nf3 Rxb2 44. h5 Kxb3 45. h6 Kc3 46. h7
Rb8 47. Ng5 Rh8 48. Kf5 a5 49. Ne4+ Kb4 50. Nf6 c6 51. Ke5 a4 0-1

[Event "V Torneo del Litorale A"]
[Site "Roma ITA"]
[Date "1997.02.??"]
[Round "?"]
[White "Wyss, Walter"]
[Black "Russo, Massimiliano"]
[Result "1-0"]
[WhiteElo "2210"]
[BlackElo "1576"]
[PlyCount "27"]
[EventDate "1997.02.07"]

1. d4 Nf6 2. f4 e6 3. Nf3 c5 4. e3 cxd4 5. exd4 d5 6. Bd3 Bd6 7. O-O Qe7 8. Ne5
Nc6 9. c3 h6 10. Be3 Bxe5 11. fxe5 Nh7 12. Qg4 g5 13. Qh5 b6 14. Rxf7 1-0

[Event "V Torneo del Litorale A"]
[Site "Roma ITA"]
[Date "1997.02.??"]
[Round "?"]
[White "Wyss, Walter"]
[Black "Vanzan, Alessandro"]
[Result "1-0"]
[WhiteElo "2210"]
[BlackElo "1507"]
[PlyCount "75"]
[EventDate "1997.02.07"]

1. c4 Nf6 2. b3 g6 3. Bb2 Bg7 4. g3 O-O 5. Bg2 Nc6 6. e4 d6 7. d4 Bg4 8. f3 Bd7
9. Ne2 Qc8 10. O-O Bh3 11. Nbc3 Bxg2 12. Kxg2 a6 13. h3 Rb8 14. d5 Na7 15. a4
c6 16. Nf4 b5 17. axb5 cxb5 18. c5 Nd7 19. c6 Ne5 20. Nd3 Nc4 21. bxc4 bxc4 22.
Na4 cxd3 23. Bxg7 Kxg7 24. Qxd3 f6 25. Rfb1 Nb5 26. Nc3 Nc7 27. Rxb8 Qxb8 28.
Rb1 Qa8 29. Rb7 Rc8 30. Qe3 g5 31. Na4 Re8 32. Nb6 Qd8 33. Nc4 Nb5 34. Rd7 Qb8
35. Qb6 Qc8 36. Qb7 Kf8 37. Rxe7 Qxb7 38. Rxb7 1-0

[Event "XXIX C.to Italiano a squadre A1 Nord"]
[Site "ITA"]
[Date "1997.02.23"]
[Round "1"]
[White "Belotti, Bruno"]
[Black "Messa, Roberto"]
[Result "1-0"]
[WhiteElo "2405"]
[BlackElo "2305"]
[PlyCount "35"]
[EventDate "1997.02.23"]

1. e4 e5 2. Nf3 Nc6 3. d4 exd4 4. Nxd4 Bc5 5. Nxc6 Qf6 6. Qd2 dxc6 7. Nc3 Be6
8. Na4 Rd8 9. Bd3 Bd4 10. O-O a6 11. Qa5 Rd7 12. Nc5 Bxc5 13. Qxc5 Ne7 14. Qa7
O-O 15. Qxb7 a5 16. Qa7 Ng6 17. f4 Bg4 18. Qe3 1-0

[Event "XXIX C.to Italiano a squadre A1 Nord"]
[Site "ITA"]
[Date "1997.04.06"]
[Round "4"]
[White "Messa, Roberto"]
[Black "Vezzosi, Paolo"]
[Result "1/2-1/2"]
[WhiteElo "2305"]
[BlackElo "2290"]
[PlyCount "26"]
[EventDate "1997.02.23"]

1. e4 e6 2. d4 d5 3. Nc3 Nf6 4. e5 Nfd7 5. f4 c5 6. Nf3 Nc6 7. Be3 a6 8. Qd2 b5
9. dxc5 Bxc5 10. Bxc5 Nxc5 11. Qf2 Qb6 12. Bd3 Bb7 13. O-O O-O 1/2-1/2

[Event "XXIX C.to Italiano a squadre A1 Nord"]
[Site "ITA"]
[Date "1997.04.28"]
[Round "5"]
[White "Sarno, Spartaco"]
[Black "Messa, Roberto"]
[Result "1/2-1/2"]
[WhiteElo "2430"]
[BlackElo "2305"]
[PlyCount "60"]
[EventDate "1997.02.23"]

1. Nf3 Nf6 2. c4 g6 3. g3 Bg7 4. Bg2 O-O 5. O-O Nc6 6. Nc3 d6 7. d3 e5 8. Rb1
a5 9. a3 Re8 10. Bg5 h6 11. Bxf6 Bxf6 12. b4 axb4 13. axb4 Bg7 14. b5 Nd4 15.
Nxd4 exd4 16. Nd5 Bg4 17. Re1 Ra2 18. Bf3 Bxf3 19. exf3 Rxe1+ 20. Qxe1 Ra3 21.
Qe4 Kh7 22. Re1 c6 23. bxc6 bxc6 24. Ne7 d5 25. cxd5 cxd5 26. Qf4 Qe8 27. Qd2
Qb5 28. Qf4 Qe8 29. Qd2 Qb5 30. Qf4 Qe8 1/2-1/2

[Event "XXIX C.to Italiano a squadre A2"]
[Site "ITA"]
[Date "1997.02.23"]
[Round "1"]
[White "Durante, Corrado"]
[Black "Mariani, Stefano"]
[Result "0-1"]
[WhiteElo "1621"]
[BlackElo "1866"]
[PlyCount "72"]
[EventDate "1997.02.23"]

1. d4 d5 2. Nf3 Nf6 3. Bf4 e6 4. e3 Nbd7 5. Nbd2 Be7 6. Bd3 c5 7. c3 O-O 8. Ne5
Qb6 9. Rb1 Re8 10. h4 Nf8 11. g4 N6d7 12. g5 Nxe5 13. Bxe5 Bd7 14. a4 Qa5 15.
Ra1 c4 16. Bc2 b5 17. axb5 Qxb5 18. Rb1 Qc6 19. Qh5 Bd6 20. Nf3 Re7 21. Bf6
Ree8 22. Rg1 Ng6 23. Be5 Rab8 24. Qg4 Bxe5 25. dxe5 Qc7 26. Ke2 Rb7 27. Qg3
Reb8 28. h5 Rxb2 29. Rxb2 Rxb2 30. Kd1 Qa5 31. hxg6 Qxc3 32. gxf7+ Kf8 33. Nd4
Rxc2 34. Nxc2 Ba4 35. e4 Qxc2+ 36. Ke1 Qd1# 0-1

[Event "XXIX C.to Italiano a squadre A2"]
[Site "ITA"]
[Date "1997.02.23"]
[Round "1"]
[White "Lauria, Amilcare"]
[Black "Gaggiottini, Manfredo"]
[Result "0-1"]
[WhiteElo "1905"]
[BlackElo "2105"]
[PlyCount "56"]
[EventDate "1997.02.23"]

1. e4 c6 2. d3 d5 3. Nd2 g5 4. Be2 Bg7 5. c3 Na6 6. d4 Nc7 7. Ngf3 h6 8. h3 Be6
9. Qc2 a5 10. a4 Nf6 11. e5 Nd7 12. O-O g4 13. hxg4 Bxg4 14. Re1 Ne6 15. Nf1
Ndf8 16. Nh4 Bxe2 17. Qxe2 Qd7 18. Ng3 Ng6 19. Nxg6 fxg6 20. Qd3 O-O-O 21. b4
h5 22. bxa5 h4 23. Ne2 h3 24. Ng3 hxg2 25. a6 Nf4 26. e6 Nxd3 27. exd7+ Kxd7
28. Rd1 Rh1+ 0-1

[Event "XXIX C.to Italiano a squadre A2"]
[Site "ITA"]
[Date "1997.02.23"]
[Round "1"]
[White "Rago, Riccardo"]
[Black "Suppa, Ercole"]
[Result "1/2-1/2"]
[WhiteElo "2240"]
[BlackElo "2170"]
[PlyCount "81"]
[EventDate "1997.02.23"]

1. e4 e6 2. d4 d5 3. Nd2 c5 4. Ngf3 Nf6 5. exd5 Qxd5 6. Bc4 Qd6 7. dxc5 Qxc5 8.
O-O Bd7 9. Qe2 Nc6 10. Nb3 Qh5 11. Rd1 O-O-O 12. Bf4 Qf5 13. Bg5 h6 14. Bd3 Qg4
15. h3 Qh5 16. Bh4 g5 17. g4 Nxg4 18. hxg4 Qxg4+ 19. Bg3 f5 20. Nfd4 Qxe2 21.
Nxe2 f4 22. Nxf4 gxf4 23. Bxf4 e5 24. Bg3 h5 25. Be4 h4 26. Bh2 Rg8+ 27. Kh1
Bg7 28. c3 a5 29. Nc5 Bh3 30. Rd3 Rxd3 31. Nxd3 Rf8 32. Rg1 Bh6 33. f3 Be3 34.
Rg7 Bf1 35. Nxe5 h3 36. Nxc6 Bg2+ 37. Rxg2 hxg2+ 38. Kxg2 bxc6 39. Bxc6 Rf6 40.
Bd5 Kd7 41. a4 1/2-1/2

[Event "XXIX C.to Italiano a squadre A2"]
[Site "ITA"]
[Date "1997.02.23"]
[Round "1"]
[White "Stornelli, Aldo"]
[Black "Maksimovic, Miodrag"]
[Result "0-1"]
[WhiteElo "1740"]
[BlackElo "1895"]
[PlyCount "116"]
[EventDate "1997.02.23"]

1. d4 d5 2. Nf3 c6 3. c3 Bf5 4. Bf4 e6 5. e3 Qb6 6. Qb3 Nd7 7. Nbd2 Ngf6 8. h3
Be7 9. Be2 O-O 10. O-O a5 11. Ne5 h6 12. Ndf3 a4 13. Qxb6 Nxb6 14. Bd3 Ne4 15.
Bxe4 Bxe4 16. Ne1 f6 17. N5d3 Nc4 18. Rd1 a3 19. b3 Nb2 20. Rd2 g5 21. Bg3 Nxd3
22. Nxd3 Rfc8 23. Nc5 b6 24. Nxe4 dxe4 25. f3 exf3 26. gxf3 Ra7 27. Kf2 Rd7 28.
Rfd1 Rcd8 29. e4 e5 30. Ke3 exd4+ 31. cxd4 Bd6 32. Bxd6 Rxd6 33. Rd3 Kf7 34.
Rc1 Kg6 35. Rf1 f5 36. Rfd1 fxe4 37. fxe4 Rf6 38. R1d2 Rdf8 39. Re2 Rf1 40. Kd2
R8f2 41. Ke3 Rf3+ 42. Kd2 Kf6 43. Rxf3+ Rxf3 44. Re3 Rf2+ 45. Re2 Rxe2+ 46.
Kxe2 c5 47. dxc5 bxc5 48. Ke3 h5 49. Ke2 Ke5 50. Ke3 g4 51. h4 g3 52. Kf3 g2
53. Kxg2 Kxe4 54. Kf2 Kf4 55. Ke2 Kg4 56. Ke3 Kxh4 57. Kf4 Kh3 58. Kf3 h4 0-1

[Event "XXIX C.to Italiano a squadre A2"]
[Site "ITA"]
[Date "1997.03.09"]
[Round "2"]
[White "Cerasi, Umberto"]
[Black "Stornelli, Aldo"]
[Result "1-0"]
[WhiteElo "1920"]
[BlackElo "1740"]
[PlyCount "71"]
[EventDate "1997.02.23"]

1. e4 c6 2. d4 d5 3. Nd2 dxe4 4. Nxe4 Nf6 5. Nxf6+ exf6 6. Nf3 Be6 7. Bd3 Bd6
8. c3 Nd7 9. Qe2 O-O 10. Be3 Re8 11. Qc2 Nf8 12. Nh4 Bf4 13. O-O Qc7 14. Bxf4
Qxf4 15. g3 Qd6 16. Nf5 Bxf5 17. Bxf5 Qd5 18. Bh3 Qh5 19. Bg2 Re2 20. Qb3 Re7
21. Qa3 Qe2 22. Rad1 Ng6 23. b3 f5 24. d5 cxd5 25. Rxd5 f4 26. Rfd1 h6 27. R5d2
Qe5 28. c4 a6 29. Bf3 Rae8 30. Qd6 Qc3 31. Qd3 Qa5 32. Qd4 Qg5 33. Kf1 fxg3 34.
hxg3 Qf5 35. Kg2 Ne5 36. Bd5 1-0

[Event "XXIX C.to Italiano a squadre A2"]
[Site "ITA"]
[Date "1997.03.09"]
[Round "2"]
[White "Fico, Massimiliano"]
[Black "Rago, Riccardo"]
[Result "1/2-1/2"]
[WhiteElo "2280"]
[BlackElo "2240"]
[PlyCount "83"]
[EventDate "1997.02.23"]

1. e4 c5 2. c3 d5 3. exd5 Qxd5 4. d4 Nf6 5. Nf3 e6 6. Bd3 Be7 7. O-O Nc6 8. c4
Qd8 9. dxc5 Bxc5 10. Qe2 O-O 11. Nc3 a6 12. Bg5 Be7 13. Rfd1 Qc7 14. Rac1 Ng4
15. Bxe7 Qxe7 16. h3 Nf6 17. Ne5 Nxe5 18. Qxe5 Bd7 19. Nd5 Nxd5 20. cxd5 Qb4
21. Rc7 Rad8 22. d6 Bc6 23. Bb1 g6 24. a3 Qb3 25. Rd2 Qc4 26. Qc3 Qf4 27. Rd4
Qg5 28. Rg4 Qd5 29. Bxg6 Qd1+ 30. Kh2 Qxd6+ 31. f4 e5 32. Bf5+ Kh8 33. Qxe5+
Qxe5 34. fxe5 Rd5 35. Rg5 Rd2 36. Rh5 Kg7 37. Rg5+ Kh6 38. h4 Rxb2 39. Re7 b5
40. Rc7 Bd5 41. Ra7 Ra2 42. Rg3 1/2-1/2

[Event "XXIX C.to Italiano a squadre A2"]
[Site "ITA"]
[Date "1997.03.09"]
[Round "2"]
[White "Gaggiottini, Manfredo"]
[Black "Orlandella, Orlando"]
[Result "1/2-1/2"]
[WhiteElo "2105"]
[BlackElo "1927"]
[PlyCount "117"]
[EventDate "1997.02.23"]

1. e4 e5 2. Nf3 Nf6 3. Nxe5 d6 4. Nf3 Nxe4 5. Qe2 Qe7 6. d3 Nf6 7. Bg5 Be6 8.
Nc3 h6 9. Bh4 Nc6 10. d4 g5 11. Bg3 Bg7 12. O-O-O Bf5 13. Qb5 Qd7 14. Ne5 Nxe5
15. dxe5 Nh5 16. exd6 Qxb5 17. Bxb5+ c6 18. Rhe1+ Be6 19. d7+ Kd8 20. Bd3 Nxg3
21. hxg3 Bxc3 22. bxc3 Kxd7 23. f4 gxf4 24. gxf4 Rae8 25. f5 Bd5 26. Rxe8 Kxe8
27. Rd2 Rg8 28. Re2+ Kd7 29. c4 Bxg2 30. f6 Kd6 31. Re7 Rf8 32. Be2 c5 33. Bh5
Bc6 34. Kd2 a5 35. a3 b6 36. Kd1 Bd7 37. Bxf7 h5 38. Ke1 h4 39. Kf2 Rh8 40. Re3
Rc8 41. Re7 h3 42. Kg3 Rh8 43. Re1 Rf8 44. Re7 h2 45. Kxh2 Rh8+ 46. Kg3 Rh6 47.
Re3 Rh3+ 48. Kf4 Rxe3 49. Kxe3 Ke5 50. Bg8 Kxf6 51. Ke4 Bc6+ 52. Kf4 Ba4 53.
Ke4 Bxc2+ 54. Kd5 a4 55. Kc6 Ke5 56. Kxb6 Kd4 57. Kb5 Bb3 58. Bf7 Bc2 59. Be6
1/2-1/2

[Event "XXIX C.to Italiano a squadre A2"]
[Site "ITA"]
[Date "1997.03.09"]
[Round "2"]
[White "Gregoratti, Ivaldi"]
[Black "Lostuzzi, Manlio"]
[Result "0-1"]
[WhiteElo "1993"]
[BlackElo "2340"]
[PlyCount "72"]
[EventDate "1997.02.23"]

1. e4 b6 2. d4 Bb7 3. Bd3 e6 4. Nf3 d6 5. O-O Nd7 6. Qe2 a6 7. Bf4 Ne7 8. Nbd2
Ng6 9. Bg3 Be7 10. Nc4 O-O 11. Ne3 Bf6 12. c3 Re8 13. Bc2 e5 14. d5 h5 15. h3
Nf4 16. Qd2 Bg5 17. Nxg5 Qxg5 18. h4 Qf6 19. Kh2 Nf8 20. Rh1 N8g6 21. Kg1 Bc8
22. Re1 Bd7 23. Nf5 Bxf5 24. exf5 Ne7 25. Bxf4 exf4 26. Rh3 Nxf5 27. Rxe8+ Rxe8
28. Qxf4 Re1+ 29. Kh2 Nh6 30. Qxf6 Ng4+ 31. Kg3 Nxf6 32. Bd3 b5 33. c4 Rd1 34.
Be2 Rd2 35. Kf3 Rxb2 36. Rg3 b4 0-1

[Event "XXIX C.to Italiano a squadre A2"]
[Site "ITA"]
[Date "1997.03.09"]
[Round "2"]
[White "Luciani, Carlo"]
[Black "Pagnutti, Lorenzo"]
[Result "0-1"]
[WhiteElo "2275"]
[BlackElo "1964"]
[PlyCount "100"]
[EventDate "1997.02.23"]

1. e4 e5 2. Nf3 Nc6 3. d4 exd4 4. Nxd4 Bc5 5. Be3 Qf6 6. c3 Nge7 7. g3 d5 8.
Bg2 dxe4 9. Nb5 Bxe3 10. Nxc7+ Kf8 11. O-O Rb8 12. fxe3 Qe5 13. Qb3 f5 14. Nb5
g6 15. Nd2 Be6 16. Qa4 Kg7 17. Nd4 Rhd8 18. Rfd1 b5 19. Qc2 Rbc8 20. Nxe6+ Qxe6
21. Qb3 Qe5 22. Bf1 Qc5 23. c4 b4 24. Kf2 Ne5 25. h3 N7c6 26. Qc2 Nd3+ 27. Bxd3
Rxd3 28. Re1 Ne5 29. Rac1 Qd6 30. Red1 g5 31. c5 Qh6 32. Rh1 Rd5 33. Nb3 Nd3+
34. Kg2 Nxc1 35. Rxc1 g4 36. Qf2 Qxh3+ 37. Kg1 Rcd8 38. Nd4 Qh6 39. Rc4 a5 40.
b3 Kg8 41. c6 Rc8 42. Rc2 Qd6 43. Kg2 Qe5 44. Rc1 Kg7 45. Rf1 Kg6 46. Qc2 Rc5
47. Qe2 Rf8 48. Qa6 Qd6 49. Qa7 Rc8 50. Rf2 h5 0-1

[Event "XXIX C.to Italiano a squadre A2"]
[Site "ITA"]
[Date "1997.03.09"]
[Round "2"]
[White "Mariani, Stefano"]
[Black "Scaletti, Luciano"]
[Result "0-1"]
[WhiteElo "1866"]
[BlackElo "1630"]
[PlyCount "100"]
[EventDate "1997.02.23"]

1. e4 e5 2. Nf3 Nc6 3. Bb5 a6 4. Ba4 Nf6 5. O-O Be7 6. Re1 b5 7. Bb3 d6 8. c3
Na5 9. Bc2 c5 10. h3 Qc7 11. d4 O-O 12. Nbd2 cxd4 13. cxd4 Nc6 14. d5 Nb8 15.
Nf1 Nbd7 16. Ng3 Nb6 17. Bg5 h6 18. Bxf6 Bxf6 19. Rc1 Qd8 20. Bd3 g6 21. Qd2
Bg7 22. Qc2 Ra7 23. Nd2 h5 24. Nb3 Bh6 25. Na5 Bd7 26. Rcd1 h4 27. Nf1 Qg5 28.
Qd2 Rc7 29. Qxg5 Bxg5 30. Ne3 Rfc8 31. b3 Kg7 32. Kf1 Bf4 33. Ke2 Kf8 34. Rg1
Bg5 35. Rb1 Bd8 36. Rgd1 Bg5 37. Rb2 Kg7 38. Nc2 f5 39. Nb4 fxe4 40. Bxe4 Rf8
41. Nac6 Bc8 42. f3 Bb7 43. Rc2 Rfc8 44. Rb2 Nd7 45. Nd3 Nf6 46. Ndb4 Nh5 47.
a4 Ng3+ 48. Ke1 Rf7 49. Bd3 e4 50. fxe4 Rcf8 0-1

[Event "XXIX C.to Italiano a squadre A2"]
[Site "ITA"]
[Date "1997.03.09"]
[Round "2"]
[White "Mussoni, Marcello"]
[Black "Vitri, Sergio"]
[Result "0-1"]
[WhiteElo "1948"]
[BlackElo "2105"]
[PlyCount "65"]
[EventDate "1997.02.23"]

1. d4 Nf6 2. c4 c5 3. d5 b5 4. Nf3 Bb7 5. Nbd2 e6 6. e4 bxc4 7. dxe6 fxe6 8. e5
c3 9. bxc3 Nd5 10. Qc2 Nc6 11. Bd3 Qc7 12. Nc4 Ba6 13. Bg5 Be7 14. Nd6+ Bxd6
15. exd6 Bxd3 16. Qxd3 Qxd6 17. c4 Ne5 18. Qe4 Nxf3+ 19. gxf3 Nb6 20. Rd1 Qf8
21. Be3 Qe7 22. Rg1 O-O 23. Qg4 Rf7 24. Rg3 d5 25. cxd5 exd5 26. Kf1 Re8 27.
Kg2 d4 28. Bg5 Qe6 29. Qh4 Nd5 30. Rg1 Nc3 31. Rh3 Qf5 32. Kh1 Ne2 33. Rg4 0-1

[Event "XXIX C.to Italiano a squadre A2"]
[Site "ITA"]
[Date "1997.03.23"]
[Round "3"]
[White "Garano, Nicola"]
[Black "Pagnutti, Lorenzo"]
[Result "1-0"]
[WhiteElo "2300"]
[BlackElo "1964"]
[PlyCount "41"]
[EventDate "1997.02.23"]

1. e4 e5 2. Nc3 Nc6 3. Bc4 Nf6 4. d3 Na5 5. f4 Nxc4 6. dxc4 exf4 7. e5 Qe7 8.
Qe2 Ng8 9. Bxf4 c6 10. Ne4 Qd8 11. Bg5 Be7 12. Nf3 h6 13. Nd6+ Kf8 14. Bxe7+
Nxe7 15. O-O g5 16. Nd4 Rh7 17. Qh5 Qb6 18. Rxf7+ Kg8 19. Rf8+ Kxf8 20. Qe8+
Kg7 21. Qxe7+ 1-0

[Event "XXIX C.to Italiano a squadre A2"]
[Site "ITA"]
[Date "1997.03.23"]
[Round "3"]
[White "Gregoratti, Ivaldi"]
[Black "Rupeni, Franco"]
[Result "0-1"]
[WhiteElo "1993"]
[BlackElo "2240"]
[PlyCount "62"]
[EventDate "1997.02.23"]

1. e4 e5 2. Nf3 Nc6 3. Bb5 a6 4. Ba4 Nf6 5. d3 Bc5 6. Bg5 h6 7. Bh4 d6 8. Nc3
g5 9. Nxg5 hxg5 10. Bxg5 Rg8 11. h4 Bg4 12. Qd2 Be6 13. f4 b5 14. Bb3 Nd4 15.
Nd5 Nxb3 16. Nxf6+ Qxf6 17. axb3 Qg7 18. b4 Bb6 19. Qc3 f6 20. Qc6+ Ke7 21.
fxe5 fxg5 22. exd6+ cxd6 23. Qxb6 Qxb2 24. O-O Rad8 25. Rxa6 gxh4 26. Qf2 h3
27. Ra7+ Ke8 28. g3 Rc8 29. Qb6 Qxb4 30. Qb7 d5 31. exd5 Qd4+ 0-1

[Event "XXIX C.to Italiano a squadre A2"]
[Site "ITA"]
[Date "1997.03.23"]
[Round "3"]
[White "Mocchi, Tullio"]
[Black "Ceschia, Ivano"]
[Result "0-1"]
[WhiteElo "2390"]
[BlackElo "2315"]
[PlyCount "70"]
[EventDate "1997.02.23"]

1. d4 Nf6 2. c4 e6 3. Bg5 h6 4. Bh4 c5 5. d5 d6 6. Nc3 Be7 7. Nf3 O-O 8. Bg3
exd5 9. cxd5 b5 10. Nxb5 Qb6 11. Nc3 Qxb2 12. Qc1 Qxc1+ 13. Rxc1 Nh5 14. e3
Nxg3 15. hxg3 Na6 16. Bc4 Nc7 17. Rb1 Bf5 18. Rb3 Rfb8 19. Nd2 Rb4 20. Rxb4
cxb4 21. Nb5 Nxb5 22. Bxb5 Rc8 23. Bc6 Bd7 24. Ke2 Bxc6 25. dxc6 Rxc6 26. Rb1
a5 27. Kd1 Rc3 28. Rb3 Rc5 29. g4 Rg5 30. f3 h5 31. gxh5 Rxg2 32. Rd3 Rg1+ 33.
Kc2 a4 34. Rd4 d5 35. Nb1 b3+ 0-1

[Event "XXIX C.to Italiano a squadre A2"]
[Site "ITA"]
[Date "1997.03.23"]
[Round "3"]
[White "Mussoni, Marcello"]
[Black "Crispi, Guido"]
[Result "1-0"]
[WhiteElo "1948"]
[BlackElo "2005"]
[PlyCount "72"]
[EventDate "1997.02.23"]

1. d4 Nf6 2. Nf3 c5 3. e3 g6 4. Bd3 Bg7 5. O-O O-O 6. b3 cxd4 7. exd4 Nc6 8.
Bb2 Nb4 9. Be2 d6 10. a3 Nbd5 11. Re1 Bd7 12. c4 Nf4 13. Bf1 d5 14. Ne5 dxc4
15. bxc4 Qb6 16. Qd2 Bh6 17. Qb4 Bf5 18. Qxb6 axb6 19. Nc3 Ne6 20. Nb5 Rfd8 21.
g3 Be4 22. Ng4 Nxg4 23. Rxe4 Nf6 24. Ree1 Ra4 25. d5 Nc5 26. Rxe7 Nfe4 27. Nc3
Nxc3 28. Bxc3 Bf8 29. Re3 Rda8 30. Bb2 Bh6 31. f4 Kf8 32. Kf2 f5 33. Ke1 Ne4
34. Be5 Kf7 35. Rb3 R8a6 36. Bd4 Bg7 1-0

[Event "XXIX C.to Italiano a squadre A2"]
[Site "ITA"]
[Date "1997.03.23"]
[Round "3"]
[White "Rago, Riccardo"]
[Black "De Blasio, Massimo"]
[Result "0-1"]
[WhiteElo "2240"]
[BlackElo "2250"]
[PlyCount "79"]
[EventDate "1997.02.23"]

1. e4 c5 2. Nf3 d6 3. d4 cxd4 4. Nxd4 Nf6 5. Nc3 g6 6. Be2 Bg7 7. Be3 Nc6 8.
O-O O-O 9. Kh1 d5 10. exd5 Nb4 11. d6 Qxd6 12. Ncb5 Qb8 13. c4 a6 14. Nc3 Qc7
15. Qa4 Nc6 16. Nxc6 bxc6 17. c5 Rb8 18. Bf3 Rxb2 19. Bxc6 Ng4 20. Bf4 Qa7 21.
Ne4 Bf5 22. Rac1 Bxe4 23. Bxe4 Nxf2+ 24. Kg1 Nxe4 25. Qxe4 Rc8 26. Be3 Qc7 27.
c6 Qe5 28. Qd3 Bf6 29. Kh1 h5 30. c7 Rxc7 31. Qd8+ Kh7 32. Qxc7 Qxe3 33. Rce1
Rf2 34. Qc4 Rxf1+ 35. Rxf1 Kg7 36. Qxa6 h4 37. h3 Be5 38. Qc4 Qg3 39. Qxf7+ Kh6
40. Qf3 0-1

[Event "XXIX C.to Italiano a squadre A2"]
[Site "ITA"]
[Date "1997.03.23"]
[Round "3"]
[White "Stornelli, Aldo"]
[Black "Benedetti, Fabrizio"]
[Result "0-1"]
[WhiteElo "1740"]
[BlackElo "2250"]
[PlyCount "86"]
[EventDate "1997.02.23"]

1. d4 Nf6 2. Nf3 e6 3. Bf4 b6 4. e3 Bb7 5. Nbd2 Be7 6. h3 d6 7. Bd3 O-O 8. O-O
Nbd7 9. c3 Re8 10. Bc4 Bf8 11. Qb3 Qe7 12. Bg3 e5 13. dxe5 Nxe5 14. Bxe5 dxe5
15. Ng5 Bd5 16. Bxd5 Nxd5 17. Nge4 Rad8 18. Nf3 Nf6 19. Nxf6+ Qxf6 20. Rad1 e4
21. Nd4 c5 22. Ne2 Qe5 23. Rxd8 Rxd8 24. Rd1 c4 25. Qc2 Rd3 26. Nf4 Bd6 27. g3
h5 28. h4 g5 29. hxg5 Qxg5 30. Qe2 Bxf4 31. exf4 Qg4 32. Re1 f5 33. Qxg4+ hxg4
34. Re2 Rd1+ 35. Kg2 Kf7 36. Rc2 Ke6 37. Re2 Kd5 38. Rc2 b5 39. a3 a5 40. Kh2
e3 41. Kg2 Rd2 42. Rc1 e2 43. Re1 Ke4 0-1

[Event "XXIX C.to Italiano a squadre A2"]
[Site "ITA"]
[Date "1997.03.23"]
[Round "3"]
[White "Tommasini, Enzo"]
[Black "Gaggiottini, Manfredo"]
[Result "0-1"]
[WhiteElo "2075"]
[BlackElo "2105"]
[PlyCount "82"]
[EventDate "1997.02.23"]

1. d4 Nf6 2. c4 c5 3. d5 Ne4 4. Qc2 f5 5. Nc3 Qa5 6. f3 Nd6 7. e4 g6 8. e5 Nf7
9. f4 Bg7 10. Bd2 Qd8 11. Nf3 e6 12. Rd1 O-O 13. Be2 d6 14. dxe6 Bxe6 15. exd6
Qxd6 16. O-O Bxc3 17. Qxc3 Nc6 18. Bc1 Qc7 19. b3 Qa5 20. Qb2 Rae8 21. Bd2 Qc7
22. Bc3 Qxf4 23. Bg7 Qe3+ 24. Kh1 Bc8 25. Bxf8 Kxf8 26. Rde1 Re4 27. Bd1 Qd3
28. Bc2 Re2 29. Rxe2 Qxe2 30. Re1 Qf2 31. Qc3 Nd4 32. Nxd4 cxd4 33. Qb4+ Kg7
34. Bd3 a5 35. Qxa5 b6 36. Qb4 Bb7 37. Bf1 Be4 38. Rd1 Ng5 39. Qxb6 Nf3 40.
Qc7+ Kh6 41. Bd3 Ne1 0-1

[Event "XXIX C.to Italiano a squadre A2"]
[Site "ITA"]
[Date "1997.04.06"]
[Round "4"]
[White "Gregoratti, Ivaldi"]
[Black "Rosino, Antonio"]
[Result "1-0"]
[WhiteElo "1993"]
[BlackElo "2265"]
[PlyCount "87"]
[EventDate "1997.02.23"]

1. e4 e5 2. Nf3 Nc6 3. Bb5 Nf6 4. d3 d6 5. c4 Be7 6. Nc3 O-O 7. h3 Nd4 8. Nxd4
exd4 9. Ne2 c5 10. O-O Ne8 11. f4 f5 12. Ng3 g6 13. exf5 gxf5 14. Qf3 Be6 15.
Bd2 Qc7 16. Rae1 Ng7 17. Rxe6 Nxe6 18. Qd5 Rf6 19. Re1 Qc8 20. Nxf5 Bf8 21.
Nxd4 cxd4 22. f5 Be7 23. fxe6 Qf8 24. Qxd4 d5 25. Qxd5 Rd8 26. Bd7 Rf2 27. Bc3
Qf4 28. Qe4 Rf8 29. Be5 Qd2 30. Bc3 Qg5 31. Be8 R8f3 32. Qg4 Qxg4 33. hxg4 Rf4
34. Be5 Bc5 35. d4 Rxd4 36. Bf7+ Rxf7 37. exf7+ Kxf7 38. Bxd4 Bxd4+ 39. Kf1 b6
40. b3 a5 41. Rd1 Bc5 42. Rd7+ Kg6 43. Ke2 h6 44. Kf3 1-0